The case of the buried treasure / (Record no. 1012)

MARC details
000 -LEADER
fixed length control field 01220cam a22003373a 4500
005 - DATE AND TIME OF LATEST TRANSACTION
control field 20230815151128.0
020 ## - INTERNATIONAL STANDARD BOOK NUMBER
International Standard Book Number 043930931X (pbk.)
040 ## - CATALOGING SOURCE
Original cataloging agency FAR
Transcribing agency FAR
Modifying agency DLC
Language of cataloging eng
050 00 - LIBRARY OF CONGRESS CALL NUMBER
Classification number PZ7.P915
082 ## - DEWEY DECIMAL CLASSIFICATION NUMBER
Classification number Fic
100 1# - MAIN ENTRY--PERSONAL NAME
Personal name Preller, James
245 14 - TITLE STATEMENT
Title The case of the buried treasure /
Statement of responsibility, etc. by James Preller ; illustrated by Jamie Smith ; cover illustration by R. W. Alley.
260 ## - PUBLICATION, DISTRIBUTION, ETC.
Place of publication, distribution, etc. New York :
Name of publisher, distributor, etc. Scholastic,
Date of publication, distribution, etc. 2002.
300 ## - PHYSICAL DESCRIPTION
Extent 106 pages :
Other physical details illustrations ;
Dimensions 20 cm
490 1# - SERIES STATEMENT
Series statement A Jigsaw Jones mystery ;
Volume/sequential designation super special #1
500 ## - GENERAL NOTE
General note "A Little Apple paperback."
505 ## - FORMATTED CONTENTS NOTE
Formatted contents note J <br/>
520 ## - SUMMARY, ETC.
Summary, etc. "What's bright and shiny and hard to find? Buried treasure! Jigsaw's class finds a hidden riddle that leads them on a treasure hunt..."
521 ## - TARGET AUDIENCE NOTE
Target audience note 490 <br/>
Source Lexile <br/>
521 ## - TARGET AUDIENCE NOTE
Target audience note J <br/>
Source Raz-Plus <br/>
650 #0 - SUBJECT ADDED ENTRY--TOPICAL TERM
Topical term or geographic name entry element Treasure hunting
Form subdivision Fiction.
650 #0 - SUBJECT ADDED ENTRY--TOPICAL TERM
Topical term or geographic name entry element Treasure troves
Form subdivision Fiction.
650 #1 - SUBJECT ADDED ENTRY--TOPICAL TERM
Topical term or geographic name entry element Mystery and detective stories.
655 #7 - INDEX TERM--GENRE/FORM
Genre/form data or focus term Children's stories.
Source of term lcsh
700 1# - ADDED ENTRY--PERSONAL NAME
Personal name Smith, Jamie,
Dates associated with a name 1971-
Relator term illustrator.
700 1# - ADDED ENTRY--PERSONAL NAME
Personal name Alley, R. W.,
Dates associated with a name 1955-
906 ## - LOCAL DATA ELEMENT F, LDF (RLIN)
a 7
b cbc
c copycat
d 2
e ncip
f 20
g y-genrareb
942 ## - ADDED ENTRY ELEMENTS (KOHA)
Source of classification or shelving scheme Dewey Decimal Classification
Koha item type Books
Suppress in OPAC No
999 ## -
-- 1012
-- 1012
Holdings
Withdrawn status Lost status Source of classification or shelving scheme Damaged status Not for loan Collection Home library Current library Shelving location Date acquired Total Checkouts Full call number Barcode Date last seen Date last checked out Price effective from Koha item type
    Dewey Decimal Classification     Juvenile Fiction Footprints International School Library Network Toul Kork Campus Footprints International School Library Network Toul Kork Campus   07/18/2023 3 PRE Fic PZ7.P915 FIS00088 07/22/2025 07/14/2025 07/18/2023 Books